Ranking FIFA - TOP 50 państw - Statystyki

Ogólne statystyki
  • Ten quiz został rozwiązany 756 razy
  • Średni wynik to 40 z 50
Statystyki odpowiedzi
Pozycja Państwo % Poprawnych
3 Brazylia
99%
2 Francja
99%
19 Polska
99%
9 Argentyna
98%
8 Hiszpania
97%
15 Niemcy
97%
7 Portugalia
97%
1 Belgia
96%
38 Rosja
96%
4 Anglia
95%
17 Szwecja
95%
13 Włochy
95%
22 USA
93%
14 Holandia
92%
28 Japonia
92%
24 Ukraina
92%
6 Chorwacja
89%
10 Kolumbia
89%
11 Meksyk
89%
45 Czechy
88%
12 Szwajcaria
86%
34 Irlandia
85%
44 Norwegia
85%
32 Słowacja
85%
16 Dania
84%
26 Austria
83%
18 Chile
83%
5 Urugwaj
83%
42 Australia
81%
40 Korea Południowa
78%
20 Senegal
78%
29 Turcja
77%
21 Peru
74%
30 Serbia
73%
23 Walia
73%
39 Islandia
72%
50 Szkocja
72%
43 Maroko
71%
37 Rumunia
71%
33 Iran
68%
31 Nigeria
63%
35 Algieria
62%
46 Kostaryka
60%
49 Bośnia i Hercegowina
58%
25 Wenezuela
57%
36 Irlandia Północna
56%
41 Paragwaj
55%
27 Tunezja
52%
47 Ghana
51%
48 Jamajka
22%
Nie znaleziono quizów pasujących do podanych kryteriów
Rozkład punktacji
Procent ludzi z każdym wynikiem
Percentyl według liczby udzielonych odpowiedzi
Twoja historia wyników
Nie rozwiązałeś tego quizu